[Event "GER-chT U18 Girls"]
[Site "Germany"]
[Date "2012.05.05"]
[Round "6.4"]
[White "Kluge, Helene"]
[Black "Koller, Vivien"]
[Result "1-0"]
[WhiteElo "831"]
[BlackElo "835"]
[PlyCount "123"]
[EventDate "2012.05.04"]
[EventType "team-swiss"]
[EventRounds "7"]
[EventCountry "GER"]
[SourceTitle "EXT 2014"]
[Source "ChessBase"]
[SourceDate "2013.11.20"]
[SourceVersion "1"]
[SourceVersionDate "2013.11.20"]
[SourceQuality "1"]
[WhiteTeam "Berlin HSG (W)"]
[BlackTeam "Aue CWG (W)"]
[WhiteTeamCountry "GER"]
[BlackTeamCountry "GER"]

1. d4 d5 2. Nf3 Nc6 3. Nbd2 Nf6 4. e3 g6 5. c3 a6 6. Bd3 Bg7 7. 0-0 Bg4 8. h3 Bxf3 9. Qxf3 0-0 10. Qd1 Qd6 11. e4 Bh6 12. Re1 Bf4 13. Nf3 Nh5 14. Bxf4 Qxf4 15. exd5 Nd8 16. Rxe7 Qd6 17. Re5 f6 18. Re1 Nf7 19. Bc4 b5 20. Bb3 Qf4 21. Qc1 Nd6 22. Qxf4 Nxf4 23. Re7 Rfe8 24. Rae1 Nd3 25. Rxe8+ Nxe8 26. Re2 Nd6 27. Ne1 Nf4 28. Re3 Nf5 29. Re4 g5 30. g3 Nxh3+ 31. Kg2 g4 32. Rxg4+ Ng5 33. f4 Ne3+ 34. Kg1 Nxg4 35. fxg5 fxg5 36. Nf3 h6 37. d6+ Kg7 38. dxc7 Rc8 39. a4 Rxc7 40. axb5 axb5 41. d5 Rd7 42. c4 bxc4 43. Bxc4 Rb7 44. b3 Rf7 45. Nd4 Re7 46. Nf5+ Kf6 47. Nxe7 Kxe7 48. b4 Ne5 49. Bb3 Kd7 50. Kf1 Nd3 51. b5 Kc7 52. Kg2 Nb4 53. Kf3 Kb6 54. d6 Kxb5 55. d7 Nc6 56. Kg4 Kb6 57. Bd5 Kc7 58. Bxc6 Kd8 59. Kh5 Ke7 60. Kxh6 g4 61. Kh5 Ke6 62. d8Q 1-0

[Event "GER-chT U18 Girls"]
[Site "Germany"]
[Date "2012.05.04"]
[Round "2.4"]
[White "Koller, Vivien"]
[Black "Pankonin, Tabea"]
[Result "1-0"]
[WhiteElo "835"]
[BlackElo "774"]
[PlyCount "104"]
[EventDate "2012.05.04"]
[EventType "team-swiss"]
[EventRounds "7"]
[EventCountry "GER"]
[SourceTitle "EXT 2014"]
[Source "ChessBase"]
[SourceDate "2013.11.20"]
[SourceVersion "1"]
[SourceVersionDate "2013.11.20"]
[SourceQuality "1"]
[WhiteTeam "Aue CWG (W)"]
[BlackTeam "Waiblingen (W)"]
[WhiteTeamCountry "GER"]
[BlackTeamCountry "GER"]

1. e4 e5 2. Nc3 Nf6 3. Nf3 Nc6 4. b3 g6 5. Bb2 Bg7 6. Bd3 d6 7. 0-0 Bg4 8. h3 Be6 9. Qe1 Nb4 10. Ng5 Bd7 11. Ba3 Nxd3 12. cxd3 0-0 13. Bb2 b5 14. b4 a5 15. a3 axb4 16. axb4 Rxa1 17. Qxa1 c5 18. Ba3 cxb4 19. Bxb4 h6 20. Nf3 Nh5 21. Bxd6 Re8 22. Qa7 Bc6 23. Bc7 Qxd3 24. Re1 Nf6 25. Re3 Qd7 26. Qb6 Rc8 27. Bxe5 b4 28. Qxb4 Bf8 29. Qc4 Bb5 30. Qb3 Bc4 31. Qa4 Qxa4 32. Nxa4 Bb5 33. Nb6 Rc1+ 34. Kh2 Nd7 35. Nxd7 Bxd7 36. Rd3 Bb5 37. Rd5 Be2 38. Nd4 Bc4 39. Rd8 Bd3 40. f3 Rc5 41. Re8 Bb5 42. Nxb5 Rxb5 43. d4 h5 44. Rd8 g5 45. Bf6 Rb7 46. Bxg5 Rc7 47. Bf4 Rb7 48. Rd5 Ra7 49. Rg5+ Bg7 50. Rxh5 Ra4 51. d5 f6 52. d6 Bf8 1-0